| 000 | 01423nam a22006017a 4500 | ||
|---|---|---|---|
| 001 | BR0601519 | ||
| 003 | BR-BrBNA | ||
| 005 | 20230928102121.0 | ||
| 007 | ta | ||
| 008 | 230509b bl.||||| |||| 00| 0 por d | ||
| 020 | _aISBN 85-88184-18-4 | ||
| 040 |
_aBR-BrBNA _bpor _cBiblioteca Nacional de Agricultura |
||
| 041 | _a(Por) | ||
| 072 | _aF01; E14 | ||
| 090 | _ F01 BR0601519 | ||
| 100 | 1 | _aCaramori, P.H. | |
| 110 | 1 |
_aInstituto Agronômico do Paraná, Londrina, PR (Brasil) _95598 |
|
| 245 | 1 | _aZoneamento agrícola no Estado do Paraná | |
| 260 | 3 |
_aLondrina, PR (Brasil): _c2003. |
|
| 300 | _a76 p. | ||
| 500 | _a36 illus. | ||
| 650 | _aZONEAMENTO AGRÍCOLA | ||
| 650 | _aALGODÃO | ||
| 650 | _aARROZ SEQUEIRO | ||
| 650 | _aBATATA | ||
| 650 | _aFEIJÃO DAS ÁGUAS | ||
| 650 | _aFEIJÃO DA SECA | ||
| 650 | _aMILHO | ||
| 650 | _aTRIGO | ||
| 650 | _aCAFÉ | ||
| 650 | _aABACAXI | ||
| 650 | _aACEROLA | ||
| 650 | _aBANANA | ||
| 650 | _aCOCO | ||
| 650 | _aGOIABA | ||
| 650 | _aMAMÃO | ||
| 650 | _aMANGA | ||
| 650 | _aMARACUJÁ | ||
| 650 | _aABACATE | ||
| 650 | _aATEMÓIA | ||
| 650 | _aFRUTA CÍTRICA | ||
| 650 | _aAMEIXA | ||
| 650 | _aCAQUI | ||
| 650 | _aKIWI | ||
| 650 | _aMAÇÃ | ||
| 650 | _aMORANGO | ||
| 650 | _aNECTARINA | ||
| 650 | _aPÊSSEGO | ||
| 650 | _aUVA | ||
| 650 | _aSERINGUEIRA | ||
| 909 |
_a202309 _bLucia _c55 _dLucia Elande |
||
| 942 | _cBK | ||
| 999 |
_c69219 _d69219 |
||